| 000 | 00791nam a2200253 a 4500 | ||
|---|---|---|---|
| 001 | |||
| 003 | DO-SdBNP | ||
| 005 | 20220310125513.0 | ||
| 008 | 100324s2009 dr a 001 0 spa d | ||
| 020 | _a9789945404210 | ||
| 040 |
_aDO-SdBNP _bspa _cBPMSU |
||
| 082 |
_a782.43 _bE75b 2009 _222 |
||
| 245 | 0 | 0 |
_aEse bolero es mío : _bcancionero latinoamericano y dominicano / _ccompilador León Félix Batista. |
| 260 |
_aSanto Domingo : _bSecretaría de Estado de Cultura, _c2009. |
||
| 300 |
_a148 p. : _bil. ; _c18 cm. |
||
| 590 | _aInventariado, 2018/LP | ||
| 650 | 4 | _aCancioneros | |
| 650 | 4 | _aCanciones dominicanas | |
| 650 | 4 | _aCanciones latinoamericanas | |
| 650 | 4 | _aMúsica popular | |
| 700 | 1 |
_aBatista, León Félix, _d1964- _ecomp. |
|
| 910 | _a VMateo V. | ||
| 942 |
_2ddc _cBK |
||
| 999 |
_c14062 _d14062 |
||